A marketing jelenléte az esküvői szolgáltatások piacán

Bibliographic Details
Main Author: Pluhárné Ferencz Krisztina
Other Authors: Kopcsay Dr. László
Format: Thesis
Kulcsszavak:Szolgáltatásmarketing
Esküvő
Esküvőszervezés
Online Access:http://dolgozattar.uni-bge.hu/8508

MARC

LEADER 00000nta a2200000 i 4500
001 dolg8508
005 20170615130905.0
008 161209suuuu hu om 000 hun d
040 |a BGE Dolgozattár Repozitórium  |b hun 
041 |a hu 
100 1 |a Pluhárné Ferencz Krisztina 
245 1 2 |a A marketing jelenléte az esküvői szolgáltatások piacán  |c Pluhárné Ferencz Krisztina  |h [elektronikus dokumentum] 
695 |a Szolgáltatásmarketing 
695 |a Esküvő 
695 |a Esküvőszervezés 
700 1 |a Kopcsay Dr. László  |e ths 
856 4 0 |u http://dolgozattar.uni-bge.hu/8508/3/Szakdolgozat_Pluh%C3%A1rn%C3%A9%20Ferencz%20Krisztina_G678MU.pdf  |z Dokumentum-elérés